000 00473nam a2200157 4500
001 112458
003 ES-MaACL
005 20230906185532.0
007 t|
008 061121s1903 sp r ||||1| spa d
100 1 _aMuñoz de Madariaga, Juan Jesús.
_984390
245 1 0 _aDiccionario cintífico-forestal alemán-español /
_cpor Juan José Muñoz de Madariaga.
260 _aMadrid :
_bRicardo Rojas,
_c1903.
300 _a744 p. ;
_c23 cm.
852 _aES-MaACL
_jG-9540
999 _c112458
_d112458